| 000 | 003560000a22000970004500 | ||
|---|---|---|---|
| 100 | 1 | _aBlanco, Teresa | |
| 245 | 1 | 0 | _aLa lucha eterna de los Kurdos : Breve cronología de una nación que ha estado en guerra durante siglos pero mantiene intacta su identidad cultural |
| 300 | _aVol. 5, Num 5 (Julio, 1993), Páginas 54-55 | ||
| 773 | 0 | _tCambio 16 | |
| 942 | _cANA | ||
| 999 |
_c58526 _d58526 |
||